Stratigraphy and sedimentation / (Record no. 59950)
[ view plain ]
| 000 -LEADER | |
|---|---|
| fixed length control field | 00822nam a2200253 a 4500 |
| 001 - CONTROL NUMBER | |
| control field | 59950 |
| 003 - CONTROL NUMBER IDENTIFIER | |
| rucl marc code | BD-RjUL |
| 005 - DATE AND TIME OF LATEST TRANSACTION | |
| control field | 20211209080804.0 |
| 008 - FIXED-LENGTH DATA ELEMENTS--GENERAL INFORMATION | |
| fixed length control field | 121628s1959 cauad 001 0 eng |
| 035 ## - SYSTEM CONTROL NUMBER | |
| System control number | (BD-RjUL) 60074 |
| 040 ## - CATALOGING SOURCE | |
| Original cataloging agency | DLC |
| Transcribing agency | DLC |
| Modifying agency | UKM |
| -- | EQO |
| -- | BD-RjUL |
| Language of cataloging | eng |
| 041 ## - LANGUAGE CODE | |
| Language code of text/sound track or separate title | eng |
| 082 ## - DEWEY DECIMAL CLASSIFICATION NUMBER | |
| Classification number | 551.7 |
| Edition number | 23 |
| Author mark and year | KRS 1959 |
| 100 1# - MAIN ENTRY--PERSONAL NAME | |
| Personal name | Krumbein, William Christian, |
| Dates associated with a name | 1902-1979. |
| 9 (RLIN) | 178330 |
| 245 10 - TITLE STATEMENT | |
| Title | Stratigraphy and sedimentation / |
| Statement of responsibility, etc. | W.C. Krumbein and L.L. Sloss. |
| 250 ## - EDITION STATEMENT | |
| Edition statement | 2nd ed. |
| 260 ## - PUBLICATION, DISTRIBUTION, ETC. (IMPRINT) | |
| Place of publication, distribution, etc. | San Francisco : |
| Name of publisher, distributor, etc. | W. H. Freeman, |
| Date of publication, distribution, etc. | 1959 |
| 300 ## - PHYSICAL DESCRIPTION | |
| Pagination | xvi, 660 p. : |
| Illustrations | ill. ; |
| Size | 25 cm. |
| 504 ## - BIBLIOGRAPHY, ETC. NOTE | |
| Bibliography, etc | Bibliography: p. 591-620 and index. |
| 650 #0 - SUBJECT ADDED ENTRY--TOPICAL TERM | |
| Topical term or geographic name as entry element | Geology, Stratigraphic. |
| 9 (RLIN) | 178331 |
| Topical term or geographic name as entry element | Sedimentation and deposition. |
| 9 (RLIN) | 178332 |
| 700 1# - ADDED ENTRY--PERSONAL NAME | |
| Personal name | Sloss, L. L. |
| Fuller form of name | (Laurence Louis), |
| Dates associated with a name | 1913- |
| 942 ## - ADDED ENTRY ELEMENTS (KOHA) | |
| Source of classification or shelving scheme | Dewey Decimal Classification |
| Koha item type | Books |
| Lost status | Source of classification or shelving scheme | Damaged status | Not for loan | Collection code | Permanent Location | Current Location | Shelving location | Date acquired | Source of acquisition | Cost, normal purchase price | Total Checkouts | Full call number | Date last seen | Copy number | Koha item type |
|---|---|---|---|---|---|---|---|---|---|---|---|---|---|---|---|
| Dewey Decimal Classification | Not For Loan | Non-fiction | Central Library, University of Rajshahi | Central Library, University of Rajshahi | Reading Room | 31/05/1979 | W. Heffers and Sons | 11.80 | 551.7 KRS 1959 | 28/12/2016 | C-1 | Books |